Hardest Countries to Spot - Statistics

General Stats
  • This quiz has been taken 48 times
  • The average score is 11 of 20
Answer Stats
% Country % Correct
29 Tuvalu
82%
28 Nauru
76%
34 Fiji
73%
27 Tonga
73%
28 Vanuatu
73%
28 Samoa
71%
28 Marshall Islands
69%
32 Solomon Islands
67%
30 Palau
64%
37 Comoros
62%
35 Sao Tome and Principe
60%
33 Malta
53%
35 Mauritius
53%
37 Bahamas
40%
33 Belize
40%
28 Kuwait
38%
35 Jamaica
36%
36 El Salvador
29%
37 Equatorial Guinea
27%
35 United Arab Emirates
24%
No matching quizzes found
Score Distribution
Percent of People with Each Score
Percentile by Number Answered
Your Score History
You have not taken this quiz